Нановолокнистые нетканые материалы медицинского назначения на основе поли-3-гидроксибутирата с бактерицидными свойствами; Современные технологии и материалы новых поколений

Dades bibliogràfiques
Parent link:Современные технологии и материалы новых поколений.— 2017.— [С. 247-250]
Autor corporatiu: Российская академия наук (РАН) Институт биохимической физики им. Н. М. Эмануэля (ИБХФ), Российская академия наук (РАН) Институт химической физики им. Н. Н. Семенова (ИХФ), Российский экономический университет им. Г. В. Плеханова (РЭУ)
Altres autors: Тюбаева П. М., Ольхов А. А., Карпова С. Г., Иорданский А. Л., Попов А. А.
Sumari:Заглавие с экрана
Idioma:rus
Publicat: 2017
Col·lecció:Функциональные материалы и покрытия
Matèries:
Accés en línia:http://earchive.tpu.ru/handle/11683/43710
Format: MixedMaterials Electrònic Capítol de llibre
KOHA link:https://koha.lib.tpu.ru/cgi-bin/koha/opac-detail.pl?biblionumber=624129

MARC

LEADER 00000naa2a2200000 4500
001 624129
005 20231101133310.0
035 |a (RuTPU)RU\TPU\conf\23342 
035 |a RU\TPU\conf\23340 
090 |a 624129 
100 |a 20171101d2017 k y0rusy50 ca 
101 0 |a rus  |e rus 
102 |a RU 
105 |a y z 101zy 
135 |a drgn ---uucaa 
181 0 |a i  
182 0 |a b 
200 1 |a Нановолокнистые нетканые материалы медицинского назначения на основе поли-3-гидроксибутирата с бактерицидными свойствами  |f П. М. Тюбаева [и др.] 
203 |a Текст  |c электронный 
225 1 |a Функциональные материалы и покрытия 
230 |a 1 компьютерный файл (pdf; 608 Кб) 
300 |a Заглавие с экрана 
320 |a [Библиогр.: с. 249-250 (4 назв.)] 
463 0 |0 (RuTPU)RU\TPU\conf\23187  |t Современные технологии и материалы новых поколений  |o сборник трудов Международной конференции с элементами научной школы для молодежи, г. Томск, 9-13 октября 2017 г.  |f Национальный исследовательский Томский политехнический университет (ТПУ) ; Российская академия наук (РАН), Сибирское отделение (СО), Институт физики прочности и материаловедения (ИФПМ)  |v [С. 247-250]  |d 2017 
610 1 |a электронный ресурс 
610 1 |a нановолокнистые материалы 
610 1 |a нетканые материалы 
610 1 |a бактерицидные свойства 
610 1 |a биополимерные материалы 
610 1 |a наноструктурированные материалы 
610 1 |a биополимеры 
701 1 |a Тюбаева  |b П. М. 
701 1 |a Ольхов  |b А. А. 
701 1 |a Карпова  |b С. Г. 
701 1 |a Иорданский  |b А. Л. 
701 1 |a Попов  |b А. А. 
712 0 2 |a Российская академия наук (РАН)  |b Институт биохимической физики им. Н. М. Эмануэля (ИБХФ)  |c (Москва)  |2 stltpush  |3 (RuTPU)RU\TPU\col\5325 
712 0 2 |a Российская академия наук (РАН)  |b Институт химической физики им. Н. Н. Семенова (ИХФ)  |c (Москва)  |2 stltpush  |3 (RuTPU)RU\TPU\col\881 
712 0 2 |a Российский экономический университет им. Г. В. Плеханова (РЭУ)  |c (2010- )  |2 stltpush  |3 (RuTPU)RU\TPU\col\17770 
801 2 |a RU  |b 63413507  |c 20171103  |g RCR 
856 4 |u http://earchive.tpu.ru/handle/11683/43710 
942 |c BK